| 000 | 01388nam a22003497a 4500 | ||
|---|---|---|---|
| 003 | EG-ScBUE | ||
| 005 | 20220126140238.0 | ||
| 008 | 110110s2007 enk f b 000 1 eng d | ||
| 020 | _a0007190336 | ||
| 020 | _a9780007190331 | ||
| 040 |
_aEG-ScBUE _beng _erda _cEG-ScBUE _dEG-ScBUE |
||
| 082 |
_a823.914 _bGRE _222 |
||
| 100 | 1 |
_921764 _aGregory, Philippa, _eauthor. |
|
| 245 | 1 | 4 |
_aThe Boleyn inheritance / _cPhilippa Gregory. |
| 264 | 1 |
_aLondon : _bHarper Collins Publishers, _c2007. |
|
| 300 |
_a518 pages ; _c25 cm. |
||
| 336 |
_2rdacontent _atext _btxt |
||
| 337 |
_2rdamedia _aunmediated _bn |
||
| 338 |
_2rdacarrier _avolume _bnc |
||
| 490 | 0 |
_aThe Tudor Court Novels ; _v5 |
|
| 500 | _a"A Touchstone book." | ||
| 504 | _aIncludes bibliographical references. | ||
| 600 | 1 | 7 |
_921802 _aAnne, _cof Cleves, Queen, consort of Henry VIII, King of England, _d1515-1557 _vFiction. _2BUEsh |
| 600 | 1 | 7 |
_921803 _aCatharine Howard, _cQueen, consort of Henry VIII, King of England, _d1542 _vFiction. _2BUEsh |
| 600 | 1 | 7 |
_921804 _aBoleyn, Jane, _cViscountess Rochford, _d1542 _vFiction. _2BUEsh |
| 650 | 7 |
_921773 _aQueens _zGreat Britain _vFiction. _2BUEsh |
|
| 651 | 7 |
_921805 _aGreat Britain _xHistory _yHenry VIII, 1509-1547 _vFiction. _2BUEsh |
|
| 653 |
_cSeptember2013 _bHHUUEENN |
||
| 655 |
_aHistorical fiction. _vReading book |
||
| 942 |
_2ddc _cBB |
||
| 999 |
_c14891 _d14891 |
||